| 000 | 00870nam a2200253Ia 4500 | ||
|---|---|---|---|
| 003 | OSt | ||
| 005 | 20250627101504.0 | ||
| 008 | 191128s1996 ck er 000 pdspa d | ||
| 020 | _a9586122492 | ||
| 040 |
_aCO-JMCR _cCO-JMCR |
||
| 041 | _aspa | ||
| 082 | 0 | 4 |
_aA-P _bARBc |
| 100 | 1 |
_aArbeláez, Jotamario, _eautor _91050 |
|
| 245 | 1 | 3 |
_aLa casa de memoria / _cJotamario Arbeláez |
| 250 | _aPrimera edición | ||
| 260 |
_aBogotá : _bTercer mundo, _c1996. |
||
| 300 |
_a130 páginas ; _c21 cm. |
||
| 490 | 0 | _aPremios Nacionales Colcultura | |
| 500 | _aIncluye datos biográficos del autor en contraportada. | ||
| 505 | 0 | _aLa casa de memoria -- San Nicolás School o el hijo del señor Reina -- Culito de rana -- Cadena de los amores imposibles. | |
| 586 | _aPremio Nacional de Poesía Colcultura 95 | ||
| 650 | 1 | 4 |
_aPoesía colombiana. _98518 |
| 942 |
_2ddc _cBK |
||
| 999 |
_c3527 _d3527 |
||